| 000 | 00693nam 22001933 4500 | ||
|---|---|---|---|
| 001 | 200142 | ||
| 090 | _a200142 | ||
| 100 | _a20260123d u||y0pory50 ba | ||
| 200 |
_aEstrela : uma visão natural = A natural approach _fTexto e fotografias António Pena, José Cabral _gilustração Rosário Pinto Bessa ; versão inglesa Carlota Lagoa |
||
| 210 |
_aManteigas _cParque Natural da Serra da Estrela _d[s.d.] |
||
| 215 |
_a[36] p. _cil. ; brochado _d22 cm |
||
| 675 |
_a502 _vPT _zpor - eng |
||
| 700 |
_915956 _aPena _bAntónio |
||
| 701 |
_915957 _aCabral _bJosé |
||
| 702 |
_915959 _aBessa _bRosário Pinto |
||
| 702 |
_915960 _aLagoa _bCarlota |
||
| 801 |
_aPT _bBMMN _gRPC |
||
| 830 | _cVanda | ||
| 990 | _cLIVROS | ||